[Event "28. Cappelle Open"]
[Site "Cappelle la Grande FRA"]
[Date "2012.03.07"]
[Round "6"]
[White "Shneider, Aleksandr"]
[Black "Kravtsiv, Martyn"]
[Result "0-1"]
[WhiteElo "2529"]
[BlackElo "2588"]
[EventDate "2012.03.03"]

1.d4 Nf6 2.Nf3 e6 3.c4 d5 4.Nc3 Bb4 5.cxd5 exd5 6.Bg5 Nbd7 7.e3 c5 8.Bd3 
Qa5 9.Qc2 c4 10.Bf5 O-O 11.O-O Re8 12.Bh4 g6 13.Bxd7 Nxd7 14.a3 Bxc3 15.
bxc3 Kg7 16.h3 Nf6 17.Bxf6+ Kxf6 18.g4 Kg7 19.Nh2 Bd7 20.Qd2 Re6 21.f3 
Rae8 22.Rfe1 Rb6 23.e4 Rb3 24.Rac1 Rxa3 25.e5 Ra2 26.Qe3 Qd8 27.Ra1 Rxa1 
28.Rxa1 a5 29.f4 b5 30.Nf3 b4 31.cxb4 axb4 32.Ra7 h6 33.Rb7 b3 34.Qc3 Qc8 
35.Ra7 Bxg4 36.hxg4 Qxg4+ 37.Kf2 Rb8 0-1

[Event "28. Cappelle Open"]
[Site "Cappelle la Grande FRA"]
[Date "2012.03.07"]
[Round "6"]
[White "Nyzhnyk, Illya"]
[Black "Lagarde, Maxime"]
[Result "1-0"]
[WhiteElo "2585"]
[BlackElo "2488"]
[EventDate "2012.03.03"]

1.d4 Nf6 2.c4 g6 3.Nf3 Bg7 4.g3 c6 5.Bg2 d5 6.Nc3 Ne4 7.cxd5 cxd5 8.Qb3 
Nxc3 9.bxc3 Nc6 10.O-O e6 11.Nd2 f5 12.Ba3 Kf7 13.e3 b6 14.Rfc1 Na5 15.Qb5
Bd7 16.Qe2 b5 17.Rab1 Rc8 18.g4 fxg4 19.Qxg4 Re8 20.Bb4 Kg8 21.Qg3 Nc6 22.
Nb3 Ne7 23.Ba5 Nf5 24.Bxd8 Nxg3 25.hxg3 Rexd8 26.Nc5 Rxc5 27.dxc5 Rc8 28.
a4 Rxc5 29.axb5 Bxb5 30.Bf1 Bc6 31.Rb8+ Kf7 32.Rc8 a5 33.Rc7+ Kf6 34.Rb1 
Bf8 35.Rb6 Be8 36.Rxh7 a4 37.Rb8 1-0

[Event "28. Cappelle Open"]
[Site "Cappelle la Grande FRA"]
[Date "2012.03.07"]
[Round "6"]
[White "Bokros, Albert"]
[Black "Timoshenko, Georgy"]
[Result "1/2-1/2"]
[WhiteElo "2472"]
[BlackElo "2569"]
[EventDate "2012.03.03"]

1.e4 e6 2.Qe2 c5 3.Nf3 Nc6 4.g3 g6 5.Bg2 Bg7 6.O-O Nge7 7.c3 O-O 8.d3 e5 
9.a3 a5 10.a4 h6 11.Na3 d5 12.exd5 Nxd5 13.Nc4 Re8 14.Re1 Rb8 15.Bd2 Bf5 
16.Rad1 Nb6 17.Be3 Nxa4 18.Nh4 Bd7 19.Qc2 b5 20.Nd6 Re6 21.Nxb5 Rxb5 22.
Qxa4 Qb6 1/2-1/2

[Event "28. Cappelle Open"]
[Site "Cappelle la Grande FRA"]
[Date "2012.03.08"]
[Round "7"]
[White "Sandipan, Chanda"]
[Black "Harikrishna, Pendyala"]
[Result "0-1"]
[WhiteElo "2595"]
[BlackElo "2678"]
[EventDate "2012.03.03"]

1.d4 Nf6 2.c4 e6 3.Nc3 Bb4 4.Qc2 O-O 5.e4 d6 6.e5 Nfd7 7.Nf3 c5 8.exd6 
cxd4 9.Nxd4 Nc6 10.Nxc6 bxc6 11.Bd2 Bxd6 12.O-O-O Rb8 13.Ne4 Be5 14.Bc3 
Qc7 15.c5 Bxc3 16.Qxc3 Qf4+ 17.Nd2 Qxf2 18.Nb3 Nf6 19.Bc4 Qf4+ 20.Kb1 Nd5 
21.Bxd5 cxd5 22.c6 Qc7 23.Rd4 Rd8 24.Rc1 Rb6 25.Ra4 e5 26.Qa5 Ba6 27.Nc5 
Bc4 28.Rd1 Rdb8 29.Nd7 Rxb2+ 30.Ka1 Qxc6 31.Nxb8 Rxb8 32.Qxa7 Qb5 33.Qxb8+
Qxb8 34.Rb1 Qf8 35.Rab4 Bd3 36.R1b3 Bc2 37.Rb2 Ba4 38.Rxa4 g6 39.Ra5 Qd6 
40.Rbb5 e4 0-1

[Event "28. Cappelle Open"]
[Site "Cappelle la Grande FRA"]
[Date "2012.03.08"]
[Round "7"]
[White "Amin, Bassem"]
[Black "Lysyj, Igor"]
[Result "1/2-1/2"]
[WhiteElo "2608"]
[BlackElo "2656"]
[EventDate "2012.03.03"]

1.e4 e5 2.Nf3 Nc6 3.Bb5 Nf6 4.Nc3 Bb4 5.O-O O-O 6.d3 d6 7.Bxc6 bxc6 8.Ne2 
Bg4 9.Ng3 Nh5 10.c3 Bc5 11.d4 Nxg3 12.hxg3 exd4 13.cxd4 Bb6 14.Qd3 Re8 15.
Bd2 Qf6 16.Bc3 Qg6 17.Rfe1 Bd7 18.b4 a5 19.bxa5 Bxa5 20.Nd2 Bxc3 21.Qxc3 
Ra4 22.a3 Rea8 23.Re3 1/2-1/2

[Event "28. Cappelle Open"]
[Site "Cappelle la Grande FRA"]
[Date "2012.03.08"]
[Round "7"]
[White "Sokolov, Andrei1"]
[Black "Petrosian, Tigran L"]
[Result "1/2-1/2"]
[WhiteElo "2577"]
[BlackElo "2643"]
[EventDate "2012.03.03"]

1.e4 e5 2.Nf3 Nc6 3.Bb5 Nf6 4.d3 Bc5 5.O-O Nd4 6.Nxd4 Bxd4 7.Nd2 c6 8.Ba4 
Qe7 9.c3 Bb6 10.Nc4 Bc7 11.Ne3 d6 12.Nd5 Nxd5 13.exd5 Bd7 14.dxc6 Bxc6 15.
Bxc6+ bxc6 16.Qa4 Qd7 17.d4 c5 18.Qa6 cxd4 19.cxd4 Bb6 20.dxe5 dxe5 21.Qa3
f6 22.Be3 Qe7 23.Qb3 Bxe3 24.fxe3 Qf7 25.Qa3 Qe7 26.Qb3 Qf7 27.Qa3 Qe7 28.
Qb3 1/2-1/2

[Event "28. Cappelle Open"]
[Site "Cappelle la Grande FRA"]
[Date "2012.03.08"]
[Round "7"]
[White "Tomczak, Jacek"]
[Black "Negi, Parimarjan"]
[Result "0-1"]
[WhiteElo "2555"]
[BlackElo "2639"]
[EventDate "2012.03.03"]

1.e4 c5 2.Nf3 d6 3.d4 cxd4 4.Nxd4 Nf6 5.Nc3 a6 6.Bc4 e6 7.Bb3 Nbd7 8.O-O 
Nc5 9.Qe2 Be7 10.f4 O-O 11.Kh1 Qd7 12.Be3 Nfxe4 13.Nxe4 Nxe4 14.f5 d5 15.
c4 e5 16.Nc2 Nd6 17.Nb4 dxc4 18.Bc2 f6 19.Nd5 Bd8 20.Bb6 a5 21.b3 Ra6 22.
Bxd8 Qxd8 23.bxc4 Rc6 24.Rad1 b6 25.Rf3 Ba6 26.Rh3 Bxc4 27.Bb3 Bxb3 28.
axb3 Nf7 29.Qg4 Kh8 30.Rg3 Rg8 31.Nf4 Rd6 32.Rxd6 Qxd6 33.Nd3 Qd7 0-1

[Event "28. Cappelle Open"]
[Site "Cappelle la Grande FRA"]
[Date "2012.03.08"]
[Round "7"]
[White "Gharamian, Tigran"]
[Black "Dgebuadze, Alexandre"]
[Result "1-0"]
[WhiteElo "2671"]
[BlackElo "2548"]
[EventDate "2012.03.03"]

1.Nf3 Nf6 2.c4 e6 3.g3 d5 4.d4 dxc4 5.Bg2 Nc6 6.Qa4 Bb4+ 7.Bd2 Nd5 8.Bxb4 
Nxb4 9.Nc3 a6 10.Ne5 O-O 11.Nxc6 Nxc6 12.Bxc6 bxc6 13.Qxc4 Rb8 14.b3 Qd6 
15.Ne4 Qb4+ 16.Qxb4 Rxb4 17.e3 e5 18.Nc5 exd4 19.a3 Rb5 20.exd4 Rd8 21.
O-O-O Bg4 22.Rd2 Be6 23.Kc2 Rdb8 24.Nxa6 Bf5+ 25.Kd1 Ra8 26.Nxc7 Rxa3 27.
Nxb5 Ra1+ 28.Ke2 Rxh1 29.Nc3 Rxh2 30.d5 cxd5 31.Rxd5 Bg4+ 32.Ke3 h5 33.b4 
Rh1 34.b5 Re1+ 35.Kd4 Re6 36.Kc5 Bf3 37.Rf5 Bg4 38.Rd5 Bf3 39.Rd3 Re5+ 40.
Nd5 Be2 41.Rb3 Rf5 42.f4 g5 43.b6 Ba6 44.Kd4 Kg7 45.Ke4 1-0

[Event "28. Cappelle Open"]
[Site "Cappelle la Grande FRA"]
[Date "2012.03.08"]
[Round "7"]
[White "Romanov, Evgeny"]
[Black "Simantsev, Mikhail"]
[Result "1/2-1/2"]
[WhiteElo "2625"]
[BlackElo "2548"]
[EventDate "2012.03.03"]

1.Nf3 Nf6 2.c4 c5 3.g3 b6 4.Bg2 Bb7 5.O-O e6 6.Nc3 Be7 7.d4 cxd4 8.Qxd4 d6
9.Bg5 a6 10.Rfd1 Nbd7 11.Nd2 Bxg2 12.Kxg2 Qc7 13.Nde4 O-O 14.Rac1 Rfd8 15.
f3 h6 16.Be3 Nxe4 17.Nxe4 Nc5 18.Nf2 Bf6 19.Qd2 d5 20.Ng4 Be7 21.Qc2 dxc4 
22.Qxc4 Rxd1 23.Rxd1 Rd8 24.Rxd8+ Qxd8 25.b4 Nd7 26.a4 a5 27.bxa5 bxa5 28.
Qb5 Bb4 29.Nf2 Nf6 30.Nd3 Nd5 31.Bf2 Bd2 32.Ne5 f6 33.Nc4 Bb4 34.Qc6 Kf7 
35.Bc5 Ne7 36.Nd6+ Kg8 37.Qb5 Bxc5 38.Qxc5 Qd7 39.Ne4 Nc6 40.Qb5 Qd5 41.
Qxd5 exd5 42.Nd6 g6 43.Kf2 Kf8 44.Ke3 Ke7 45.Nb5 h5 46.h4 Kd7 47.g4 Ne5 
48.Kf4 Ke6 49.g5 fxg5+ 50.Kxg5 Kf7 51.Kf4 Nc4 52.Nc3 d4 53.Nb5 Nb6 54.Nxd4
1/2-1/2

[Event "28. Cappelle Open"]
[Site "Cappelle la Grande FRA"]
[Date "2012.03.08"]
[Round "7"]
[White "Ramirez Alvarez, Alejandro"]
[Black "Cornette, Matthieu"]
[Result "1/2-1/2"]
[WhiteElo "2591"]
[BlackElo "2545"]
[EventDate "2012.03.03"]

1.Nf3 d5 2.c4 e6 3.d4 Nf6 4.Nc3 Bb4 5.Bg5 h6 6.Bxf6 Qxf6 7.e3 O-O 8.Rc1 
dxc4 9.Bxc4 c5 10.O-O cxd4 11.Nxd4 Bd7 12.Ne4 Qe7 13.Qh5 Nc6 14.Nb3 f5 15.
a3 Ne5 16.Be2 Be8 17.Qh3 Bc6 18.axb4 Bxe4 19.Qg3 Nd3 20.Rc7 Qf6 21.Nd2 
Qxb2 22.Qg6 Qe5 23.Re7 Nxb4 24.Rxe6 Rf6 25.Rxe5 Rxg6 26.Nxe4 fxe4 27.Rb5 
Rb6 28.Rxb6 axb6 29.Rb1 Nd3 30.f3 Ra2 31.Kf1 Rc2 32.fxe4 Nc5 33.Bf3 Rc3 
34.Ke2 Rb3 35.Rxb3 Nxb3 36.Kd3 Kf7 37.Kc4 Nd2+ 38.Kd5 Nf1 39.Kd6 Nxe3 40.
Bh5+ g6 41.Be2 Nxg2 42.e5 1/2-1/2

[Event "28. Cappelle Open"]
[Site "Cappelle la Grande FRA"]
[Date "2012.03.08"]
[Round "7"]
[White "Kravtsiv, Martyn"]
[Black "Durarbayli, V"]
[Result "1/2-1/2"]
[WhiteElo "2588"]
[BlackElo "2543"]
[EventDate "2012.03.03"]

1.e4 c5 2.Nf3 d6 3.d4 cxd4 4.Nxd4 Nf6 5.Nc3 e6 6.Be3 Be7 7.Qd2 Ng4 8.O-O-O
Nc6 9.Nb3 Nxe3 10.Qxe3 a6 11.f4 Qc7 12.h4 b5 13.h5 h6 14.Kb1 Bb7 15.Rg1 
Na5 16.Nxa5 Qxa5 17.Bd3 b4 18.Ne2 Qc5 19.Qf3 a5 20.g4 a4 1/2-1/2

[Event "28. Cappelle Open"]
[Site "Cappelle la Grande FRA"]
[Date "2012.03.08"]
[Round "7"]
[White "Kharitonov, Alexandr"]
[Black "Nyzhnyk, Illya"]
[Result "1/2-1/2"]
[WhiteElo "2542"]
[BlackElo "2585"]
[EventDate "2012.03.03"]

1.d4 Nf6 2.c4 g6 3.g3 Bg7 4.Bg2 O-O 5.Nc3 d6 6.Nf3 c6 7.O-O Bf5 8.b3 Ne4 
9.Bb2 Nxc3 10.Bxc3 Be4 11.Qd2 d5 12.Qe3 Nd7 13.Bh3 Bxf3 14.Qxf3 Nb6 15.
cxd5 Nxd5 16.Bb2 Qb6 17.Rfd1 Rfd8 18.Bg2 a5 19.Rab1 Rd7 20.e3 a4 21.Ba1 
axb3 22.Rxb3 Qa5 23.a3 e6 24.Qe2 1/2-1/2

[Event "28. Cappelle Open"]
[Site "Cappelle la Grande FRA"]
[Date "2012.03.08"]
[Round "7"]
[White "Banusz, Tamas"]
[Black "Vovk, Andrey"]
[Result "1-0"]
[WhiteElo "2583"]
[BlackElo "2540"]
[EventDate "2012.03.03"]

1.Nf3 Nf6 2.c4 g6 3.g3 Bg7 4.Bg2 O-O 5.O-O d6 6.d4 Nc6 7.Nc3 a6 8.d5 Na5 
9.Nd2 c5 10.Rb1 Bf5 11.e4 Bd7 12.b3 e5 13.Qc2 b5 14.Ne2 Rb8 15.Bb2 h5 16.
f4 Ng4 17.Rf3 bxc4 18.bxc4 Rxb2 19.Rxb2 exf4 20.gxf4 Bxb2 21.Qxb2 f5 22.e5
dxe5 23.fxe5 Qh4 24.h3 Qe1+ 25.Bf1 Nxe5 26.Qxe5 Qxd2 27.Rg3 Qh6 28.Nf4 g5 
29.Ne6 Bxe6 30.dxe6 Nc6 31.Qxc5 Qxe6 32.Bg2 Ne7 33.Re3 Rc8 34.Qxe7 1-0

[Event "28. Cappelle Open"]
[Site "Cappelle la Grande FRA"]
[Date "2012.03.08"]
[Round "7"]
[White "Apicella, Manuel"]
[Black "Brodsky, Michail"]
[Result "1/2-1/2"]
[WhiteElo "2541"]
[BlackElo "2558"]
[EventDate "2012.03.03"]

1.c4 e6 2.Nf3 Nf6 3.g3 d5 4.b3 Be7 5.Bg2 O-O 6.O-O b6 7.cxd5 Nxd5 8.Bb2 
Bb7 9.d4 Nd7 10.Re1 c5 11.e4 N5f6 12.Nc3 Re8 13.d5 exd5 14.e5 Ng4 15.Nxd5 
Nf8 16.Nxe7+ Rxe7 17.h3 Nh6 18.Qc2 Qc8 19.Ng5 Bxg2 20.Kxg2 Nf5 21.Rad1 
Qc6+ 22.Qe4 Qxe4+ 23.Nxe4 Ne6 24.Nd6 Nxd6 25.Rxd6 Rae8 26.Red1 g5 27.Rd7 
Nd4 28.Rxe7 Rxe7 29.Bxd4 cxd4 30.Rxd4 1/2-1/2

[Event "28. Cappelle Open"]
[Site "Cappelle la Grande FRA"]
[Date "2012.03.08"]
[Round "7"]
[White "Sveshnikov, Evgeny"]
[Black "Radulski, Julian"]
[Result "1/2-1/2"]
[WhiteElo "2499"]
[BlackElo "2552"]
[EventDate "2012.03.03"]

1.e4 e5 2.Nf3 Nc6 3.Bc4 Nf6 4.d4 exd4 5.e5 Ng4 6.O-O d6 7.exd6 Bxd6 8.Re1+
Kf8 9.c3 Nge5 10.Nxe5 Nxe5 11.Qxd4 Nxc4 12.Qxc4 Be6 13.Qe4 Qf6 14.Qxb7 Rd8
15.c4 Qh4 16.g3 Qxc4 17.Nc3 Bc8 18.Qxa7 Qc6 19.Qa4 Qxa4 20.Nxa4 h5 21.h4 
f6 22.Nc3 Kf7 23.Be3 Bb7 24.Nb5 Be5 25.f4 c6 26.fxe5 cxb5 27.e6+ Kg6 28.e7
Rd5 29.Rac1 Re8 30.Rc7 Bc8 31.Bc5 Kf7 32.Kf2 Bd7 33.Ke3 Rg8 34.Bb4 g5 35.
Rc5 Rxc5 36.Bxc5 gxh4 37.gxh4 Rg4 38.Rd1 Be8 39.Rd4 Rxd4 40.Kxd4 Ke6 41.b3
f5 42.Bb4 Bd7 43.Bc5 Be8 44.Kc3 f4 45.Kb4 f3 46.a4 bxa4 47.bxa4 f2 48.Bxf2
Kxe7 49.a5 Kd6 50.a6 Kc7 51.Kc5 1/2-1/2

[Event "28. Cappelle Open"]
[Site "Cappelle la Grande FRA"]
[Date "2012.03.08"]
[Round "7"]
[White "Nikcevic, Nebojsa"]
[Black "Sanikidze, Tornike"]
[Result "0-1"]
[WhiteElo "2419"]
[BlackElo "2549"]
[EventDate "2012.03.03"]

1.Nf3 g6 2.c4 Bg7 3.e4 e5 4.d4 exd4 5.Nxd4 Ne7 6.Nc3 Nbc6 7.Be3 d6 8.Be2 
O-O 9.O-O f5 10.Nxc6 bxc6 11.Bd4 c5 12.Bxg7 Kxg7 13.Bf3 Rb8 14.b3 Nc6 15.
exf5 Nd4 16.Nb5 Nxb5 17.cxb5 Bxf5 18.a4 Be6 19.Bd5 Qf6 20.Rc1 Rf7 21.Bxe6 
Qxe6 22.b4 a6 23.bxc5 axb5 24.cxd6 Qxd6 25.Qxd6 cxd6 26.axb5 Rxb5 27.Rcd1 
d5 28.Rd2 Kf6 29.Ra1 Rfb7 30.Kf1 Ke5 31.Re1+ Kd6 32.Re8 Rb8 33.Rxb8 Rxb8 
34.Ke2 Ra8 35.Rb2 Ra7 36.h4 Kc5 37.g4 Ra4 38.Rb7 h5 39.g5 Rxh4 40.Rg7 Re4+
41.Kd3 Re6 42.f4 Ra6 43.Rc7+ Kd6 44.Rf7 Ra3+ 45.Kd4 Ra4+ 46.Kd3 Re4 47.f5 
gxf5 48.Rxf5 Ke6 49.Rf6+ Ke5 50.Rh6 h4 51.g6 Kf6 52.Rh5 Kxg6 53.Rxd5 Re7 
54.Ra5 h3 55.Kd2 h2 56.Ra1 Rh7 57.Rh1 Kg5 58.Ke3 Kg4 0-1

[Event "28. Cappelle Open"]
[Site "Cappelle la Grande FRA"]
[Date "2012.03.08"]
[Round "7"]
[White "Solak, Dragan"]
[Black "Bernadskiy, Vitaliy"]
[Result "1-0"]
[WhiteElo "2602"]
[BlackElo "2464"]
[EventDate "2012.03.03"]

1.e4 c5 2.c4 Nc6 3.Nc3 g6 4.g3 Bg7 5.d3 d6 6.Bg2 a6 7.a4 Nd4 8.h3 Bd7 9.
Nge2 Bc6 10.O-O e6 11.Nxd4 cxd4 12.Ne2 Ne7 13.b4 b5 14.cxb5 axb5 15.a5 O-O
16.Nf4 d5 17.exd5 Nxd5 18.Qb3 Nxf4 19.Bxc6 Rc8 20.Bxb5 Rc3 21.Qd1 Qd5 22.
Bxf4 Qxb5 23.Bd6 Ra8 24.Re1 Qa6 25.Bc5 Rxd3 26.Qe2 Bh6 27.Kh2 Rd2 28.Qxa6 
Rxa6 29.b5 Ra8 30.b6 Rxf2+ 31.Kg1 Rc2 32.b7 Rd8 33.Bb6 Re8 34.a6 Be3+ 35.
Rxe3 dxe3 36.a7 1-0

[Event "28. Cappelle Open"]
[Site "Cappelle la Grande FRA"]
[Date "2012.03.08"]
[Round "7"]
[White "Kurnosov, Igor"]
[Black "Wirig, Anthony"]
[Result "1-0"]
[WhiteElo "2657"]
[BlackElo "2481"]
[EventDate "2012.03.03"]

1.e4 e6 2.d4 d5 3.Nc3 Nf6 4.e5 Nfd7 5.f4 c5 6.Nf3 Nc6 7.Be3 Be7 8.Qd2 O-O 
9.dxc5 Nxc5 10.O-O-O Qc7 11.Kb1 Rd8 12.Qe1 b6 13.h4 Bb7 14.Nb5 Qc8 15.h5 
Ne4 16.Nbd4 Na5 17.g4 Nc4 18.Bc1 Qc7 19.g5 Bf8 20.g6 h6 21.Bh3 Re8 22.Rg1 
Bc8 23.gxf7+ Qxf7 24.Rg6 Kh8 25.Nd2 Ncxd2+ 26.Bxd2 Bc5 27.Be3 Bxd4 28.Rxd4
Re7 29.Rd1 Bd7 30.Qh4 Qf8 31.Bd4 Rae8 32.f5 Ng5 33.f6 Rf7 34.fxg7+ Rxg7 
35.Rxh6+ Nh7 36.Rg6 Qf3 37.Rf1 Qe2 38.Re1 Qf3 39.Rf1 Qe4 40.Rf4 Qe2 41.b3 
Rc8 42.Rf2 Qd1+ 43.Kb2 Ng5 44.Rxg7 Ne4 45.Rh7+ Kxh7 46.Qe7+ Kh8 47.Rf8+ 
Rxf8 48.Qxf8+ Kh7 49.Qe7+ Kh8 50.Qd8+ 1-0

[Event "28. Cappelle Open"]
[Site "Cappelle la Grande FRA"]
[Date "2012.03.08"]
[Round "7"]
[White "Lalic, Bogdan"]
[Black "Zherebukh, Yaroslav"]
[Result "1-0"]
[WhiteElo "2469"]
[BlackElo "2642"]
[EventDate "2012.03.03"]

1.d4 d5 2.c4 c6 3.Nf3 Nf6 4.Nc3 e6 5.Bg5 Nbd7 6.e3 Qa5 7.cxd5 Nxd5 8.Rc1 
Bb4 9.a3 Bxc3+ 10.bxc3 h6 11.Bh4 Qxa3 12.Qd2 e5 13.Bd3 exd4 14.exd4 O-O 
15.O-O b5 16.Rfe1 a5 17.Bb1 Bb7 18.c4 bxc4 19.Rxc4 Rfe8 20.Ne5 Nf8 21.h3 
a4 22.Rec1 Qd6 23.Bg3 Qe6 24.Qb2 Qe7 25.Ba2 Ne6 26.Kh2 Red8 27.Rb1 Ra7 28.
Rxc6 a3 29.Qc1 f6 30.Ng6 Qe8 31.Rxe6 Qxe6 32.Qc5 Qa6 33.Rb6 Qa5 34.Rb5 Qa6
35.Bc7 Raa8 36.Bxd8 Rxd8 37.Ne7+ Kh8 38.Ra5 Qe2 39.Bxd5 Bxd5 40.Nxd5 Qxf2 
41.Rxa3 Qf5 42.Ne7 Qe4 43.d5 1-0

[Event "28. Cappelle Open"]
[Site "Cappelle la Grande FRA"]
[Date "2012.03.08"]
[Round "7"]
[White "Rombaldoni, Axel"]
[Black "Andriasian, Zaven"]
[Result "1/2-1/2"]
[WhiteElo "2464"]
[BlackElo "2616"]
[EventDate "2012.03.03"]

1.e4 c5 2.Nf3 d6 3.d4 cxd4 4.Qxd4 a6 5.h3 Nc6 6.Qe3 b5 7.c4 b4 8.b3 Nf6 9.
Bb2 e5 10.a3 Bb7 11.Nbd2 Be7 12.Bd3 O-O 13.axb4 Nxb4 14.Bb1 Nd7 15.O-O Nc5
16.Rd1 Qb6 17.Nf1 g6 18.Ng3 f6 19.h4 Rf7 20.h5 Rg7 21.Nh2 Bc8 22.f3 Rb8 
23.Ra3 Bf8 24.Nhf1 Rgb7 25.Ne2 Qc7 26.Nc3 Qf7 27.Ne2 Ne6 28.Qf2 Nc5 29.Nc1
gxh5 30.Ne3 Kh8 31.f4 Be6 32.Bc3 Nc6 33.Bc2 exf4 34.Qxf4 Ne5 35.Nd5 Bg7 
36.Rf1 Qg6 37.Rf2 Bh6 38.Qxf6+ Qxf6 39.Rxf6 Bxc1 40.Rxa6 Nxa6 41.Rxe6 Ba3 
42.Bxe5+ dxe5 43.Rxa6 Bc5+ 44.Kh2 Rg7 45.Bd1 Rg6 46.Ra5 Rc6 47.b4 Bxb4 48.
Nxb4 Rxb4 49.Rxe5 h4 50.Kh3 Rb1 51.Bf3 Rg6 52.Kh2 h3 53.g3 Rc1 54.Kxh3 
Rxc4 55.Bh5 Rf6 56.Re8+ Kg7 57.Re7+ Kf8 58.Re8+ Kg7 59.Re7+ Kf8 1/2-1/2

[Event "28. Cappelle Open"]
[Site "Cappelle la Grande FRA"]
[Date "2012.03.08"]
[Round "7"]
[White "McDonald, Neil"]
[Black "Fier, Alexandr"]
[Result "0-1"]
[WhiteElo "2457"]
[BlackElo "2599"]
[EventDate "2012.03.03"]

1.Nf3 Nf6 2.c4 g6 3.g3 Bg7 4.Bg2 O-O 5.Nc3 Nc6 6.O-O d6 7.d3 e5 8.Rb1 h6 
9.b4 a6 10.a4 Be6 11.b5 axb5 12.axb5 Ne7 13.Bb2 b6 14.Ra1 Rc8 15.e4 Nd7 
16.Re1 Nc5 17.Nd5 Nxd5 18.cxd5 Bg4 19.h3 Bxf3 20.Bxf3 Qd7 21.d4 exd4 22.
Bg4 f5 23.exf5 gxf5 24.Bh5 d3 25.Bxg7 Qxg7 26.Rb1 f4 27.Rb4 Kh8 28.g4 Qc3 
29.Rc4 Qg7 30.Rxc5 bxc5 31.Qxd3 c4 32.Qxc4 Rf5 33.Kh1 f3 34.Rg1 Rg8 35.Rg3
Qe5 36.Qc1 Rf6 37.Rg1 Qd4 38.Qa1 Qxa1 39.Rxa1 Rb8 40.Ra7 Rxb5 41.Rxc7 Rxd5
42.Kh2 Rd1 43.Rf7 Rxf7 44.Bxf7 Kg7 45.Bb3 Rd3 46.Bc4 Rc3 47.Bd5 Kf6 48.Kg3
Ke5 49.Bxf3 d5 50.Kg2 d4 51.Bd1 Rc1 52.Be2 Ke4 53.Bf3+ Kf4 54.Be2 Rc3 55.
Kf1 Rxh3 56.Ke1 Rh4 57.Kd2 Rxg4 58.Bxg4 Kxg4 59.Kd3 Kf3 60.Kxd4 h5 0-1

[Event "28. Cappelle Open"]
[Site "Cappelle la Grande FRA"]
[Date "2012.03.09"]
[Round "8"]
[White "Negi, Parimarjan"]
[Black "Harikrishna, Pendyala"]
[Result "1/2-1/2"]
[WhiteElo "2639"]
[BlackElo "2678"]
[EventDate "2012.03.03"]

1.e4 e5 2.Nf3 Nc6 3.Bb5 Nf6 4.Nc3 Bb4 5.O-O O-O 6.d3 d6 7.Bg5 Bxc3 8.bxc3 
Qe7 9.Re1 Nd8 10.d4 Ne6 11.Bc1 Rd8 12.Bf1 c5 13.g3 Qc7 14.d5 Nf8 15.Nh4 
Re8 16.Bg5 N6d7 17.Nf5 f6 18.Bd2 Nb6 19.c4 Bd7 20.h4 Nc8 21.h5 Ne7 22.Nh4 
Qc8 23.Be2 h6 1/2-1/2

[Event "28. Cappelle Open"]
[Site "Cappelle la Grande FRA"]
[Date "2012.03.09"]
[Round "8"]
[White "Amin, Bassem"]
[Black "Gharamian, Tigran"]
[Result "0-1"]
[WhiteElo "2608"]
[BlackElo "2671"]
[EventDate "2012.03.03"]

1.e4 c5 2.Nf3 Nc6 3.Bb5 e6 4.Bxc6 bxc6 5.d3 Ne7 6.Qe2 d5 7.c4 Ng6 8.h4 h5 
9.e5 f6 10.O-O Be7 11.Nc3 Qc7 12.Re1 fxe5 13.Nxe5 Qxe5 14.Qxe5 Nxe5 15.
Rxe5 Bf6 16.Re2 Bxh4 17.Bf4 Kf7 18.Na4 Be7 19.Be3 e5 20.Bxc5 Bf6 21.Bd6 
Re8 22.Rae1 Bg4 23.f3 Bf5 24.Nc5 Bh4 25.Rd1 Bf6 26.Rde1 Bh4 27.Rd1 Bf6 28.
cxd5 cxd5 29.Rde1 Rac8 30.b4 Bh4 31.Rd1 Bf6 32.Rde1 Bh4 33.Rxe5 Bxe1 34.
Rxf5+ Kg6 35.Rxd5 Bxb4 36.Ne4 Bxd6 37.Rxd6+ Kh7 38.Rd7 Red8 39.Rxa7 Ra8 
40.Rc7 Rxd3 41.Ng5+ Kg6 42.Ne6 Rd6 43.Nf4+ Kh6 44.Rc2 Rda6 45.Kh2 g6 46.a3
Rxa3 47.Rc6 R3a6 48.Rc5 Ra5 49.Rc6 R8a6 50.Rc8 Rf6 51.Nh3 Ra2 52.Rc3 Rd6 
53.Rc4 Rda6 54.Kg3 R6a4 55.Rc6 Rb4 56.Rd6 Rc4 57.Rb6 Rca4 58.Rc6 Ra6 59.
Rc4 R2a4 60.Rc5 Rb4 61.Ng5 Ra3 62.Nh3 h4+ 63.Kh2 Rb2 64.Kh1 Raa2 65.Nf4 h3
66.Rc1 hxg2+ 67.Kg1 Rf2 0-1

[Event "28. Cappelle Open"]
[Site "Cappelle la Grande FRA"]
[Date "2012.03.09"]
[Round "8"]
[White "Lysyj, Igor"]
[Black "Banusz, Tamas"]
[Result "1/2-1/2"]
[WhiteElo "2656"]
[BlackElo "2583"]
[EventDate "2012.03.03"]

1.d4 d5 2.c4 c6 3.Nc3 Nf6 4.e3 g6 5.Nf3 Bg7 6.Be2 O-O 7.O-O Be6 8.cxd5 
cxd5 9.Ne5 Nc6 10.Nxc6 bxc6 11.Na4 Bf5 12.b3 Qd6 13.Bb2 Nd7 14.Rc1 Nb6 15.
Nc5 a5 16.Bc3 Qc7 17.Qd2 Nd7 18.Na4 h5 19.Bb2 Rfc8 20.Bf3 Nb6 21.Nxb6 Qxb6
22.Ba3 Qb7 23.Bc5 e6 24.Rc3 Bf8 25.Rfc1 Bxc5 26.Rxc5 Qb4 27.Qc3 Qa3 28.Bd1
Qb4 29.a4 Qxc3 30.R1xc3 e5 31.dxe5 Bd7 32.f4 Rcb8 33.Kf2 Kf8 34.Ke1 Ke7 
35.Kd2 h4 36.Rd3 g5 37.Rd4 Rg8 38.f5 Bxf5 39.Rxc6 g4 40.g3 hxg3 41.hxg3 
Be6 42.Rc7+ Kf8 43.Rc5 Rg5 44.b4 axb4 45.Rxb4 Rxe5 46.Bxg4 Rg5 47.Bxe6 
fxe6 48.g4 Ke7 49.Ke2 Kd6 50.Rcb5 Rh8 51.a5 Rh2+ 52.Kf3 Ra2 53.Kf4 Rg8 54.
Rb6+ Ke7 55.a6 Rf2+ 56.Kg3 Ra2 57.Rc6 Ra3 58.Rb7+ Kf6 59.Kf4 Ra4+ 60.Kf3 
Raxg4 61.a7 Rg3+ 62.Ke2 Rg2+ 63.Kd3 Ra2 64.Rc2 Ra3+ 65.Rc3 Ra2 66.Rc2 Ra3+
67.Kd4 Rg4+ 68.Kc5 Rga4 69.Rf2+ Ke5 70.Rff7 Rc4+ 71.Kb5 Rxe3 72.Rb6 Rb3+ 
73.Ka6 Ra3+ 74.Kb7 Rca4 75.Kb8 d4 76.Re7 Rxa7 77.Rxa7 Rxa7 78.Kxa7 d3 79.
Rb8 Kd4 80.Rd8+ Kc3 81.Rc8+ Kb3 82.Rd8 Kc3 83.Rc8+ Kb3 1/2-1/2

[Event "28. Cappelle Open"]
[Site "Cappelle la Grande FRA"]
[Date "2012.03.09"]
[Round "8"]
[White "Sanikidze, Tornike"]
[Black "Petrosian, Tigran L"]
[Result "1-0"]
[WhiteElo "2549"]
[BlackElo "2643"]
[EventDate "2012.03.03"]

1.d4 d5 2.c4 c6 3.Nf3 Nf6 4.cxd5 cxd5 5.Nc3 Nc6 6.Bf4 a6 7.Ne5 Qb6 8.Nxc6 
bxc6 9.f3 Nh5 10.Be3 Qxb2 11.Na4 Qa3 12.Kf2 Rb8 13.Rc1 Bd7 14.Rb1 Rb5 15.
Qc2 e6 16.Bc1 Qd6 17.Nc5 Be7 18.e3 Bh4+ 19.g3 Rxb1 20.Qxb1 Nxg3 21.hxg3 
Qxg3+ 22.Ke2 Qe1+ 23.Kd3 Qd1+ 24.Kc3 Be1+ 25.Kb2 Qxf3 26.Bxa6 Qxh1 27.Bd2 
Qh2 28.Qxe1 h5 29.Ka3 h4 30.Bb4 O-O 31.Nxd7 Ra8 32.Qf1 h3 33.Nb6 Rxa6+ 34.
Qxa6 Qg3 35.Nc8 Qxe3+ 36.Ka4 Kh7 37.Ne7 Qe4 38.Qc8 Qxd4 39.Qg8+ Kh6 40.
Qh8+ Kg5 41.Qxh3 c5 42.Qg2+ Kh4 43.Qh2+ Kg4 44.Qe2+ Kh3 45.Nc6 Qf4 46.Qd2 
Qc4 47.Qc3+ 1-0

[Event "28. Cappelle Open"]
[Site "Cappelle la Grande FRA"]
[Date "2012.03.09"]
[Round "8"]
[White "Kurnosov, Igor"]
[Black "Sokolov, Andrei1"]
[Result "1-0"]
[WhiteElo "2657"]
[BlackElo "2577"]
[EventDate "2012.03.03"]

1.e4 c5 2.Nf3 e6 3.d4 cxd4 4.Nxd4 a6 5.Bd3 Bc5 6.Nb3 Be7 7.Qg4 g6 8.Qe2 d6
9.O-O Nc6 10.c4 Ne5 11.h3 h5 12.Nc3 Nf6 13.Bg5 Bd7 14.Rad1 Qb6 15.Bb1 h4 
16.Be3 Qc7 17.c5 Nh5 18.cxd6 Bxd6 19.Rc1 Nc4 20.Nd5 exd5 21.exd5 O-O 22.
Rxc4 Bb5 23.Rxc7 Bxe2 24.Rd7 Bxf1 25.Rxd6 Bb5 26.Rb6 Rfe8 27.Nc5 Rac8 28.
b4 Nf4 29.Bxf4 Re1+ 30.Kh2 Rxb1 31.a3 Re8 32.Be3 Re5 33.a4 Rxd5 34.axb5 
Rdd1 35.g4 hxg3+ 36.Kxg3 Rxb4 37.Rxb7 Rxb5 38.Ra7 a5 39.h4 Rd8 40.Ne4 Rf5 
41.Bd2 Re5 42.Nf6+ Kg7 43.Ng4 Rd3+ 44.Kg2 Rf5 45.Bh6+ Kh7 46.Bg5 Kg7 47.
Nh6 Rff3 48.Rxa5 Ra3 49.Re5 Rab3 50.Re8 Ra3 51.Re7 Rab3 52.Bc1 Kf8 53.Ra7 
Kg7 54.Ng4 Rf5 55.Be3 Rd3 56.Nh6 Rf6 57.Bg5 Rff3 58.Ra6 Ra3 59.Rc6 Rac3 
60.Nf5+ Kh7 61.Rxc3 Rxc3 62.Nd6 Kg8 63.Bf6 Rc6 64.Ne4 Kf8 65.Kg3 Rb6 66.
Kg4 Rb4 67.f3 Ke8 68.Kg5 Rb5+ 69.Kh6 Kf8 70.Bg5 Rf5 71.f4 Kg8 72.Nf6+ Kh8 
73.Ng4 Rb5 74.Bf6+ Kg8 75.Be5 Rb1 76.Nf6+ Kh8 77.Nd5+ Kg8 78.Bg7 f5 79.
Ne7+ Kf7 80.Nxg6 Rb6 81.h5 Rb1 82.Be5 Rg1 83.Nh4 Ke6 84.Nf3 1-0

[Event "28. Cappelle Open"]
[Site "Cappelle la Grande FRA"]
[Date "2012.03.09"]
[Round "8"]
[White "Berczes, David"]
[Black "Romanov, Evgeny"]
[Result "0-1"]
[WhiteElo "2544"]
[BlackElo "2625"]
[EventDate "2012.03.03"]

1.d4 Nf6 2.c4 e6 3.Nf3 Bb4+ 4.Bd2 c5 5.Bxb4 cxb4 6.Nbd2 O-O 7.e3 b6 8.Bd3 
Bb7 9.O-O d6 10.Qc2 Qe7 11.Ng5 g6 12.Nge4 Nfd7 13.f4 Nc6 14.Rae1 Rae8 15.
Nf3 f5 16.Neg5 e5 17.c5 bxc5 18.dxe5 d5 19.b3 Rc8 20.Qf2 h6 21.Nh3 Nd8 22.
Rc1 Ne6 23.Nh4 Qf7 24.Qe2 Ng7 25.g4 Nb6 26.Nf2 c4 27.Bb1 d4 28.bxc4 dxe3 
29.Qxe3 Nxc4 30.Qg3 Nd2 31.gxf5 Nxb1 32.Rxb1 gxf5 33.Rxb4 Ba8 34.Qg6 Qe7 
35.Qxh6 Rc6 36.Ng6 Rxg6+ 37.Qxg6 Qxb4 0-1